| 000 | 01206ngm a2200361 a 4500 | ||
|---|---|---|---|
| 003 | BLK | ||
| 005 | 20240607165312.0 | ||
| 008 | 180410b bul||n||s|||||||| mlbulo| | ||
| 010 | _aCDD00008262000 | ||
| 040 | _aBLK | ||
| 041 |
_aDEU _cDEU |
||
| 072 | 7 |
_2bullib _aФ0601 _xИгрални филми Ф |
|
| 080 |
_aХудожествени филмови жанрове _b791.221/.228 _z791.221/.228 |
||
| 139 |
_aDie bleierne Zeit [DVD видео] _bB 65 |
||
| 245 | 1 | 0 |
_aDie bleierne Zeit [DVD видео] _bSpielfilm _cdrehbuchaut. und reg. Margarete von Trotta; darst. Jutta Lampe; darst. Barbara Sukowa; darst. Rudiger Vogler. |
| 257 | _aDEU | ||
| 260 |
_c2013 _g1981 |
||
| 300 |
_c12 см _a1 DVD _bцв. |
||
| 306 | _a103 мин. | ||
| 380 | _a7 | ||
| 659 | _aФ | ||
| 700 | 1 |
_aTrotta, Margarete von _edrehbuchaut. und reg. _926650 |
|
| 700 | 1 |
_aLampe, Jutta _edarst. _916404 |
|
| 700 | 1 |
_aSukowa, Barbara _edarst. _925645 |
|
| 700 | 1 |
_aVogler, Rudiger _edarst. _927435 |
|
| 852 |
_aЦб CD 3747 _p0 |
||
| 856 | 4 |
_qpdf _u |
|
| 856 | 4 |
_qpdf _u |
|
| 942 |
_cCDD _n0 |
||
| 944 |
_aCR _c20.06.2014 _k30542 _lРусанова Ирена |
||
| 944 |
_aED _c20.06.2014 |
||
| 999 |
_c227274 _d227274 |
||
| 999 | _d227274 | ||